[Event "EYCC 2017"]
[Site "Mamaia"]
[Date "2017.09.06"]
[Round "2"]
[White "Koehler, Inken"]
[Black "Shpanko, Nadiia"]
[Result "1/2-1/2"]
[WhiteElo "1893"]
[BlackElo "2065"]
[Annotator "NA"]
[PlyCount "63"]
[EventDate "2017.??.??"]
[EventType "swiss"]
[EventCountry "ROU"]
[SourceTitle "playchess.com"]
[Source "ChessBase"]
[SourceQuality "1"]
[TimeControl "40/5400+30:1800+30"]

1. c4 {[%emt 0:00:00]} Nf6 {[%emt 0:00:27]} 2. Nf3 {[%emt 0:00:01]} c5 {[%emt 0:00:08]} 3. Nc3 {[%emt 0:00:30]} d5 {[%emt 0:00:52]} 4. cxd5 {[%emt 0:02:28]} Nxd5 {[%emt 0:00:07]} 5. g3 {[%emt 0:02:26]} Nc6 {[%emt 0:01:39]} 6. Bg2 {[%emt 0:01:26]} Nc7 {[%emt 0:01:57]} 7. O-O {[%emt 0:02:00]} g6 {[%emt 0:00:18]} 8. d3 {[%emt 0:03:58]} Bg7 {[%emt 0:00:43]} 9. Bd2 {[%emt 0:02:59]} Ne6 {[%emt 0:03:49]} 10. Qc1 {[%emt 0:05:57]} O-O {[%emt 0:09:41]} 11. Bh6 {[%emt 0:05:07]} Bd7 {[%emt 0:01:58]} 12. Bxg7 {[%emt 0:06:10]} Kxg7 {[%emt 0:01:08]} 13. Ne4 {[%emt 0:02:29]} b6 {[%emt 0:03:00]} 14. Qc3+ {[%emt 0:07:17]} f6 {[%emt 0:00:48]} 15. Rfd1 {[%emt 0:06:08]} Ned4 {[%emt 0:03:16]} 16. Nxd4 {[%emt 0:04:10]} Nxd4 {[%emt 0:01:24]} 17. Qd2 {[%emt 0:00:41]} Rc8 {[%emt 0:06:56]} 18. Nc3 {[%emt 0:03:39]} e5 {[%emt 0:03:13]} 19. Nd5 {[%emt 0:04:33]} Bg4 {[%emt 0:04:47]} 20. Re1 {[%emt 0:01:50]} Be6 {[%emt 0:07:16]} 21. Ne3 {[%emt 0:01:39]} f5 {[%emt 0:01:55]} 22. Red1 {[%emt 0:06:36]} f4 {[%emt 0:12:22]} 23. Nc4 {[%emt 0:01:53]} Qc7 {[%emt 0:02:32]} 24. e3 {[%emt 0:09:01]} fxe3 {[%emt 0:07:55]} 25. fxe3 {[%emt 0:00:27]} b5 {[%emt 0:10:54]} 26. exd4 {[%emt 0:02:39]} bxc4 {[%emt 0:00:05]} 27. dxe5 {[%emt 0:01:32]} Qxe5 {[%emt 0:04:11]} 28. dxc4 {[%emt 0:03:46]} Bxc4 {[%emt 0:01:39]} 29. Qd7+ {[%emt 0:04:01]} Kg8 {[%emt 0:00:49]} 30. Bd5+ {[%emt 0:01:13]} Bxd5 {[%emt 0:00:24]} 31. Qxd5+ {[%emt 0:00:07]} Qxd5 {[%emt 0:00:08]} 32. Rxd5 {[%emt 0:00:04]} 1/2-1/2

[Event "EYCC 2017"]
[Site "Mamaia"]
[Date "2017.09.06"]
[Round "2"]
[White "Sobek, Michal"]
[Black "Antonica, Dragos-Andrei"]
[Result "0-1"]
[WhiteElo "1891"]
[BlackElo "2188"]
[Annotator "NA"]
[PlyCount "106"]
[EventDate "2017.??.??"]
[EventType "swiss"]
[EventCountry "ROU"]
[SourceTitle "playchess.com"]
[Source "ChessBase"]
[SourceQuality "1"]
[TimeControl "40/5400+30:1800+30"]

1. e4 {[%emt 0:00:00]} e6 {[%emt 0:00:22]} 2. d4 {[%emt 0:00:00]} d5 {[%emt 0:00:05]} 3. Nc3 {[%emt 0:00:00]} Bb4 {[%emt 0:00:40]} 4. e5 {[%emt 0:00:08]} c5 {[%emt 0:01:24]} 5. Qg4 {[%emt 0:00:47]} Ne7 {[%emt 0:05:42]} 6. dxc5 {[%emt 0:00:27]} Bxc3+ {[%emt 0:13:21]} 7. bxc3 {[%emt 0:00:11]} Qc7 {[%emt 0:03:00]} 8. Nf3 {[%emt 0:01:58]} Ng6 {[%emt 0:13:26]} 9. Bd3 {[%emt 0:03:12]} Nd7 {[%emt 0:10:40]} 10. O-O {[%emt 0:04:39]} Nxc5 {[%emt 0:28:57]} 11. Rb1 {[%emt 0:14:52]} O-O {[%emt 0:08:33]} 12. Ba3 {[%emt 0:01:44]} b6 {[%emt 0:00:23]} 13. Ng5 {[%emt 0:03:05]} Qxe5 {[%emt 0:04:47]} 14. Rbe1 {[%emt 0:02:13]} Qf6 {[%emt 0:00:57]} 15. Bxc5 {[%emt 0:01:34]} bxc5 {[%emt 0:00:01]} 16. f4 {[%emt 0:00:50]} c4 {[%emt 0:02:35]} 17. f5 {[%emt 0:22:06]} cxd3 {[%emt 0:02:20]} 18. fxe6 {[%emt 0:00:10]} Qxc3 {[%emt 0:00:06]} 19. exf7+ {[%emt 0:01:01]} Kh8 {[%emt 0:01:38]} 20. Qh5 {[%emt 0:00:31]} Qd4+ {[%emt 0:00:08]} 21. Kh1 {[%emt 0:13:20]} Qh4 {[%emt 0:00:13]} 22. Qxh4 {[%emt 0:02:28]} Nxh4 {[%emt 0:00:02]} 23. Re8 {[%emt 0:01:02]} Ng6 {[%emt 0:00:38]} 24. cxd3 {[%emt 0:01:51]} h6 {[%emt 0:01:31]} 25. Nf3 {[%emt 0:06:37]} Bd7 {[%emt 0:00:58]} 26. Rxa8 {[%emt 0:01:19]} Rxa8 {[%emt 0:00:01]} 27. Ne5 {[%emt 0:01:08]} Nf8 {[%emt 0:00:46]} 28. Re1 {[%emt 0:01:18]} Rd8 {[%emt 0:00:42]} 29. h4 {[%emt 0:00:39]} g6 {[%emt 0:00:26]} 30. g4 {[%emt 0:01:47]} Kg7 {[%emt 0:00:12]} 31. h5 {[%emt 0:00:39]} g5 {[%emt 0:00:32]} 32. d4 {[%emt 0:00:54]} Be6 {[%emt 0:00:40]} 33. Rc1 {[%emt 0:01:55]} Nd7 {[%emt 0:00:38]} 34. Rc7 {[%emt 0:01:27]} Nxe5 {[%emt 0:00:28]} 35. dxe5 {[%emt 0:00:20]} Rd7 {[%emt 0:00:24]} 36. Rc6 {[%emt 0:01:01]} Re7 {[%emt 0:00:18]} 37. Kg2 {[%emt 0:00:41]} Kxf7 {[%emt 0:00:13]} 38. Kf3 {[%emt 0:00:27]} Rd7 {[%emt 0:00:42]} 39. Ke3 {[%emt 0:00:20]} d4+ {[%emt 0:00:52]} 40. Kd3 {[%emt 0:00:00]} Bxg4 {[%emt 0:00:31]} 41. Rxh6 {[%emt 0:00:36]} Bf5+ {[%emt 0:00:50]} 42. Kd2 {[%emt 0:00:11]} Kg7 {[%emt 0:01:30]} 43. Rf6 {[%emt 0:00:22]} Rf7 {[%emt 0:00:39]} 44. Rd6 {[%emt 0:00:58]} d3 {[%emt 0:00:24]} 45. a4 {[%emt 0:01:34]} Re7 {[%emt 0:02:06]} 46. a5 {[%emt 0:03:01]} Rxe5 {[%emt 0:01:54]} 47. a6 {[%emt 0:01:50]} g4 {[%emt 0:00:13]} 48. h6+ {[%emt 0:00:30]} Kh7 {[%emt 0:00:21]} 49. Rc6 {[%emt 0:00:19]} g3 {[%emt 0:00:33]} 50. Rc7+ {[%emt 0:01:02]} Kxh6 {[%emt 0:00:07]} 51. Rxa7 {[%emt 0:00:41]} g2 {[%emt 0:00:11]} 52. Rg7 {[%emt 0:00:16]} Kxg7 {[%emt 0:00:12]} 53. a7 {[%emt 0:00:06]} g1=Q {[%emt 0:00:39]} 0-1

[Event "EYCC 2017"]
[Site "Mamaia"]
[Date "2017.09.06"]
[Round "2"]
[White "Unneland, Mathias"]
[Black "Ponomarev, Grigori"]
[Result "1-0"]
[WhiteElo "1883"]
[BlackElo "2165"]
[Annotator "NA"]
[PlyCount "88"]
[EventDate "2017.??.??"]
[EventType "swiss"]
[EventCountry "ROU"]
[SourceTitle "playchess.com"]
[Source "ChessBase"]
[SourceQuality "1"]
[TimeControl "40/5400+30:1800+30"]

1. e4 {[%emt 0:00:00]} e6 {[%emt 0:00:23]} 2. Nf3 {[%emt 0:00:00]} d5 {[%emt 0:00:19]} 3. e5 {[%emt 0:00:27]} c5 {[%emt 0:00:28]} 4. b4 {[%emt 0:00:20]} cxb4 {[%emt 0:00:32]} 5. d4 {[%emt 0:00:18]} Nc6 {[%emt 0:02:48]} 6. a3 {[%emt 0:01:56]} bxa3 {[%emt 0:11:19]} 7. c3 {[%emt 0:05:18]} Bd7 {[%emt 0:04:28]} 8. Bd3 {[%emt 0:03:24]} a6 {[%emt 0:04:02]} 9. Ng5 {[%emt 0:06:19]} g6 {[%emt 0:26:49]} 10. Qf3 {[%emt 0:02:57]} f6 {[%emt 0:00:28]} 11. Nxh7 {[%emt 0:03:22]} f5 {[%emt 0:00:37]} 12. Nxf8 {[%emt 0:00:18]} Kxf8 {[%emt 0:00:01]} 13. Bxa3+ {[%emt 0:00:57]} Kg7 {[%emt 0:00:03]} 14. Qg3 {[%emt 0:04:12]} Qh4 {[%emt 0:03:10]} 15. Qxh4 {[%emt 0:05:18]} Rxh4 {[%emt 0:00:02]} 16. Nd2 {[%emt 0:01:32]} Na7 {[%emt 0:03:48]} 17. Nb3 {[%emt 0:03:10]} Bb5 {[%emt 0:00:48]} 18. Kd2 {[%emt 0:05:35]} Bxd3 {[%emt 0:02:22]} 19. Kxd3 {[%emt 0:00:16]} b6 {[%emt 0:00:09]} 20. Nd2 {[%emt 0:02:11]} Nb5 {[%emt 0:05:33]} 21. Nf3 {[%emt 0:00:41]} Rh5 {[%emt 0:00:16]} 22. h3 {[%emt 0:01:26]} Rc8 {[%emt 0:05:57]} 23. Rhc1 {[%emt 0:02:04]} g5 {[%emt 0:08:09]} 24. Bb2 {[%emt 0:04:54]} g4 {[%emt 0:00:34]} 25. Ng1 {[%emt 0:00:32]} a5 {[%emt 0:00:57]} 26. c4 {[%emt 0:00:35]} dxc4+ {[%emt 0:00:10]} 27. Rxc4 {[%emt 0:00:14]} Rxc4 {[%emt 0:00:05]} 28. Kxc4 {[%emt 0:00:13]} Nc7 {[%emt 0:00:11]} 29. Ba3 {[%emt 0:01:48]} Rh8 {[%emt 0:09:12]} 30. f3 {[%emt 0:01:02]} Nh6 {[%emt 0:01:37]} 31. Bd6 {[%emt 0:01:01]} Nd5 {[%emt 0:01:33]} 32. Kb5 {[%emt 0:01:28]} Rc8 {[%emt 0:00:25]} 33. fxg4 {[%emt 0:00:50]} fxg4 {[%emt 0:00:09]} 34. hxg4 {[%emt 0:00:45]} Rc2 {[%emt 0:01:47]} 35. Nf3 {[%emt 0:01:05]} Nf7 {[%emt 0:00:06]} 36. Nh4 {[%emt 0:04:48]} Nd8 {[%emt 0:02:55]} 37. Rf1 {[%emt 0:03:30]} Nc6 {[%emt 0:01:57]} 38. g5 {[%emt 0:02:09]} Nxd4+ {[%emt 0:00:14]} 39. Ka6 {[%emt 0:00:15]} Ne3 {[%emt 0:04:48]} 40. Rf6 {[%emt 0:00:00]} Nxg2 {[%emt 0:00:40]} 41. Bf8+ {[%emt 0:01:46]} Kh7 {[%emt 0:01:27]} 42. g6+ {[%emt 0:05:23]} Kg8 {[%emt 0:00:07]} 43. Bh6 {[%emt 0:00:34]} Rc8 {[%emt 0:00:04]} 44. g7 {[%emt 0:00:49]} Ra8+ 1-0

[Event "EYCC 2017"]
[Site "Mamaia"]
[Date "2017.09.06"]
[Round "2"]
[White "Zeliantsova, Kseniya"]
[Black "Sumarriva Paulin, Laura"]
[Result "1-0"]
[WhiteElo "1878"]
[BlackElo "1660"]
[Annotator "NA"]
[PlyCount "71"]
[EventDate "2017.??.??"]
[EventType "swiss"]
[EventCountry "ROU"]
[SourceTitle "playchess.com"]
[Source "ChessBase"]
[SourceQuality "1"]
[TimeControl "40/5400+30:1800+30"]

1. e4 {[%emt 0:00:00]} e6 {[%emt 0:00:11]} 2. d4 {[%emt 0:00:00]} d5 {[%emt 0:00:06]} 3. Nc3 {[%emt 0:00:00]} Nf6 {[%emt 0:00:08]} 4. e5 {[%emt 0:00:00]} Nfd7 {[%emt 0:00:07]} 5. f4 {[%emt 0:00:09]} c5 {[%emt 0:00:08]} 6. Nf3 {[%emt 0:00:12]} Nc6 {[%emt 0:00:21]} 7. Be3 {[%emt 0:00:24]} Be7 {[%emt 0:00:15]} 8. Qd2 {[%emt 0:00:47]} O-O {[%emt 0:00:18]} 9. dxc5 {[%emt 0:01:44]} Qa5 {[%emt 0:00:41]} 10. Bd3 {[%emt 0:04:06]} Nxc5 {[%emt 0:01:59]} 11. a3 {[%emt 0:02:51]} Nxd3+ {[%emt 0:01:10]} 12. Qxd3 {[%emt 0:02:20]} Rd8 {[%emt 0:05:39]} 13. Nd4 {[%emt 0:14:23]} f6 {[%emt 0:14:46]} 14. exf6 {[%emt 0:12:00]} Bxf6 {[%emt 0:00:18]} 15. O-O {[%emt 0:02:33]} Qc7 {[%emt 0:15:40]} 16. h3 {[%emt 0:18:10]} a6 {[%emt 0:12:55]} 17. Rad1 {[%emt 0:06:34]} e5 {[%emt 0:11:06]} 18. fxe5 {[%emt 0:00:48]} Nxe5 {[%emt 0:02:12]} 19. Qe2 {[%emt 0:04:56]} Nc4 {[%emt 0:03:09]} 20. Bf4 {[%emt 0:01:58]} Qb6 {[%emt 0:00:57]} 21. Be3 {[%emt 0:13:56]} Qc7 {[%emt 0:18:37]} 22. Bf2 {[%emt 0:03:06]} Nxb2 {[%emt 0:04:05]} 23. Nxd5 {[%emt 0:00:33]} Qd6 {[%emt 0:03:58]} 24. Nxf6+ {[%emt 0:00:18]} Qxf6 {[%emt 0:00:24]} 25. Rb1 {[%emt 0:00:11]} Na4 {[%emt 0:01:00]} 26. Qc4+ {[%emt 0:00:10]} Kh8 {[%emt 0:01:23]} 27. Qxa4 {[%emt 0:00:13]} Qg6 {[%emt 0:00:24]} 28. Qb3 {[%emt 0:00:51]} b5 {[%emt 0:01:05]} 29. Qf3 {[%emt 0:00:14]} Bd7 {[%emt 0:00:36]} 30. Bh4 {[%emt 0:01:17]} Re8 {[%emt 0:00:48]} 31. Rbe1 {[%emt 0:01:15]} h6 {[%emt 0:00:32]} 32. Rxe8+ {[%emt 0:00:50]} Rxe8 {[%emt 0:00:03]} 33. Qf7 {[%emt 0:01:57]} Qd6 {[%emt 0:01:08]} 34. Nf5 {[%emt 0:01:24]} Qc5+ {[%emt 0:00:48]} 35. Kh1 {[%emt 0:00:13]} Qc3 {[%emt 0:00:26]} 36. Qxd7 {[%emt 0:00:14]} 1-0

[Event "EYCC 2017"]
[Site "Mamaia"]
[Date "2017.09.06"]
[Round "2"]
[White "Luczak, Filip"]
[Black "Kirillov, Dmitry"]
[Result "1-0"]
[WhiteElo "1866"]
[BlackElo "2137"]
[Annotator "NA"]
[PlyCount "89"]
[EventDate "2017.??.??"]
[EventType "swiss"]
[EventCountry "ROU"]
[SourceTitle "playchess.com"]
[Source "ChessBase"]
[SourceQuality "1"]
[TimeControl "40/5400+30:1800+30"]

1. e4 {[%emt 0:00:00]} c5 {[%emt 0:00:05]} 2. Nf3 {[%emt 0:00:00]} e6 {[%emt 0:00:07]} 3. d4 {[%emt 0:00:00]} cxd4 {[%emt 0:00:05]} 4. Nxd4 {[%emt 0:00:07]} Nf6 {[%emt 0:00:04]} 5. Nc3 {[%emt 0:00:07]} d6 {[%emt 0:00:04]} 6. Be2 {[%emt 0:00:25]} Be7 {[%emt 0:00:08]} 7. Be3 {[%emt 0:00:25]} O-O {[%emt 0:00:14]} 8. f4 {[%emt 0:03:54]} Nc6 {[%emt 0:00:17]} 9. Qd2 {[%emt 0:01:11]} a6 {[%emt 0:10:11]} 10. O-O-O {[%emt 0:00:25]} Qc7 {[%emt 0:08:15]} 11. g4 {[%emt 0:01:02]} Nxd4 {[%emt 0:04:42]} 12. Bxd4 {[%emt 0:01:41]} b5 {[%emt 0:00:12]} 13. g5 {[%emt 0:02:18]} Nd7 {[%emt 0:00:08]} 14. f5 {[%emt 0:10:07]} b4 {[%emt 0:04:50]} 15. Nb1 {[%emt 0:00:55]} f6 {[%emt 0:10:35]} 16. Qxb4 {[%emt 0:14:13]} Bb7 {[%emt 0:06:24]} 17. Qb3 {[%emt 0:12:36]} Ne5 {[%emt 0:20:07]} 18. Qxe6+ {[%emt 0:01:53]} Kh8 {[%emt 0:00:07]} 19. Nc3 {[%emt 0:02:11]} Rfc8 {[%emt 0:05:48]} 20. Bxe5 {[%emt 0:04:08]} fxe5 {[%emt 0:02:46]} 21. f6 {[%emt 0:03:52]} gxf6 {[%emt 0:00:07]} 22. gxf6 {[%emt 0:00:05]} Bf8 {[%emt 0:00:09]} 23. Rhg1 {[%emt 0:01:08]} Bh6+ {[%emt 0:00:33]} 24. Kb1 {[%emt 0:01:07]} Bxe4 {[%emt 0:00:55]} 25. f7 {[%emt 0:00:13]} Bg7 {[%emt 0:02:39]} 26. f8=Q+ {[%emt 0:03:01]} Rxf8 {[%emt 0:00:39]} 27. Nxe4 {[%emt 0:00:16]} Rac8 {[%emt 0:00:33]} 28. Bd3 {[%emt 0:00:54]} Rcd8 {[%emt 0:00:33]} 29. Qd5 {[%emt 0:00:22]} Qf7 {[%emt 0:00:24]} 30. Qxf7 {[%emt 0:01:54]} Rxf7 {[%emt 0:00:13]} 31. Bc4 {[%emt 0:00:34]} Rf4 {[%emt 0:00:34]} 32. Nxd6 {[%emt 0:01:04]} Rd7 {[%emt 0:00:18]} 33. Nf7+ {[%emt 0:04:46]} Rdxf7 {[%emt 0:00:08]} 34. Bxf7 {[%emt 0:00:04]} Rxf7 {[%emt 0:00:08]} 35. Rge1 {[%emt 0:00:12]} h6 {[%emt 0:00:09]} 36. Re4 {[%emt 0:00:37]} Kh7 {[%emt 0:00:19]} 37. b4 {[%emt 0:00:48]} Kg6 {[%emt 0:00:08]} 38. c4 {[%emt 0:00:35]} Rf2 {[%emt 0:00:19]} 39. Rg4+ {[%emt 0:01:17]} Kf6 {[%emt 0:00:17]} 40. Rd6+ {[%emt 0:00:00]} Ke7 {[%emt 0:00:11]} 41. Rxa6 {[%emt 0:00:57]} Bf6 {[%emt 0:00:20]} 42. Rg6 {[%emt 0:01:26]} h5 {[%emt 0:00:09]} 43. Rgxf6 {[%emt 0:00:18]} Rxf6 {[%emt 0:00:07]} 44. Rxf6 {[%emt 0:00:05]} Kxf6 {[%emt 0:00:04]} 45. Kc2 {[%emt 0:00:06]} 1-0

[Event "EYCC 2017"]
[Site "Mamaia"]
[Date "2017.09.06"]
[Round "2"]
[White "Zhurova, Anna"]
[Black "Pipiras, Filipa Fortuna"]
[Result "1-0"]
[WhiteElo "1864"]
[BlackElo "1657"]
[Annotator "NA"]
[PlyCount "125"]
[EventDate "2017.??.??"]
[EventType "swiss"]
[EventCountry "ROU"]
[SourceTitle "playchess.com"]
[Source "ChessBase"]
[SourceQuality "1"]
[TimeControl "40/5400+30:1800+30"]

1. e4 {[%emt 0:00:00]} e6 {[%emt 0:00:35]} 2. d4 {[%emt 0:00:02]} d5 3. Nc3 Nf6 4. Bg5 dxe4 5. Nxe4 Be7 6. Bxf6 gxf6 7. c3 f5 {[%emt 0:13:39]} 8. Nd2 c5 9. Ngf3 O-O 10. Nb3 cxd4 11. Nbxd4 a6 12. Qd2 Nc6 13. Nxc6 Qxd2+ 14. Kxd2 bxc6 15. Kc2 c5 16. Rd1 Rd8 17. Rxd8+ Bxd8 18. Be2 f6 19. Nd2 Bc7 20. Nb3 Bd6 21. Rd1 Be7 22. Na5 Kf8 23. Rd3 Ra7 24. Nc6 Rc7 25. Nxe7 Kxe7 26. Rg3 Kf8 27. Bc4 Re7 28. Rd3 Rc7 29. Rd6 Ke7 30. Rb6 Bb7 31. Rxe6+ Kd7 32. f3 Bc8 33. Rxf6 Ke8 34. Bxa6 Bd7 35. Bc4 Bc8 36. Bb5+ Ke7 37. Rc6 Rxc6 38. Bxc6 Kd6 39. Bb5 Bb7 40. Kd3 h5 41. Ke3 Ke5 42. f4+ Kd6 43. g3 Bd5 44. a4 Bf7 45. b4 cxb4 46. cxb4 Kc7 47. Kd4 Kb6 48. Bd7 Bg6 49. Ke5 Bh7 50. Bxf5 Bg8 51. Be6 Bh7 52. f5 Ka6 53. f6 Bg6 54. f7 Bxf7 55. Bxf7 h4 56. gxh4 Kb6 57. a5+ Ka6 58. Bc4+ Ka7 59. Kd6 Ka8 60. Kc7 Ka7 61. b5 Ka8 62. a6 Ka7 63. b6+ 1-0

[Event "EYCC 2017"]
[Site "Mamaia"]
[Date "2017.09.06"]
[Round "2"]
[White "Katkov, Michelle"]
[Black "Eizaguerri Floris, Maria"]
[Result "0-1"]
[WhiteElo "1845"]
[BlackElo "2098"]
[Annotator "NA"]
[PlyCount "120"]
[EventDate "2017.??.??"]
[EventType "swiss"]
[EventCountry "ROU"]
[SourceTitle "playchess.com"]
[Source "ChessBase"]
[SourceQuality "1"]
[TimeControl "40/5400+30:1800+30"]

1. e4 {[%emt 0:00:00]} c5 {[%emt 0:00:12]} 2. c3 {[%emt 0:00:00]} b6 {[%emt 0:00:17]} 3. d4 {[%emt 0:00:14]} Bb7 {[%emt 0:00:20]} 4. Bd3 {[%emt 0:02:02]} Nf6 {[%emt 0:00:28]} 5. Qe2 {[%emt 0:02:10]} cxd4 {[%emt 0:00:29]} 6. cxd4 {[%emt 0:00:13]} Nc6 {[%emt 0:00:07]} 7. Nf3 {[%emt 0:02:05]} Nb4 {[%emt 0:00:29]} 8. Nc3 {[%emt 0:01:28]} Nxd3+ {[%emt 0:00:50]} 9. Qxd3 {[%emt 0:00:06]} Qc8 {[%emt 0:00:57]} 10. O-O {[%emt 0:01:57]} Ba6 {[%emt 0:04:51]} 11. Nb5 {[%emt 0:02:08]} Bxb5 {[%emt 0:12:00]} 12. Qxb5 {[%emt 0:00:13]} Nxe4 {[%emt 0:00:38]} 13. Bf4 {[%emt 0:08:20]} Qc6 {[%emt 0:18:45]} 14. Qd3 {[%emt 0:02:29]} e6 {[%emt 0:08:13]} 15. Rfe1 {[%emt 0:06:47]} Nf6 {[%emt 0:03:09]} 16. Rac1 {[%emt 0:02:25]} Qd5 {[%emt 0:01:35]} 17. Qa6 {[%emt 0:07:10]} Bd6 {[%emt 0:03:46]} 18. Rc8+ {[%emt 0:09:39]} Ke7 {[%emt 0:00:17]} 19. Rxh8 {[%emt 0:00:14]} Rxh8 {[%emt 0:00:12]} 20. Bxd6+ {[%emt 0:01:28]} Qxd6 {[%emt 0:00:16]} 21. Qxa7 {[%emt 0:01:05]} Rc8 {[%emt 0:04:41]} 22. Qa4 {[%emt 0:03:41]} Nd5 {[%emt 0:06:05]} 23. a3 {[%emt 0:03:25]} Nf4 {[%emt 0:08:59]} 24. Qb3 {[%emt 0:03:20]} h6 {[%emt 0:05:19]} 25. Qe3 {[%emt 0:08:07]} Rc2 {[%emt 0:03:50]} 26. g3 {[%emt 0:04:18]} Nd5 {[%emt 0:01:39]} 27. Qb3 {[%emt 0:01:56]} Rc8 {[%emt 0:03:00]} 28. Qd3 {[%emt 0:05:20]} Qc6 {[%emt 0:04:17]} 29. Qe4 {[%emt 0:04:47]} Nf6 {[%emt 0:03:09]} 30. Qxc6 {[%emt 0:00:37]} Rxc6 {[%emt 0:00:06]} 31. Kf1 {[%emt 0:00:47]} Nd5 {[%emt 0:02:14]} 32. Ne5 {[%emt 0:01:22]} Rc8 {[%emt 0:00:40]} 33. Re2 {[%emt 0:01:51]} f6 {[%emt 0:00:56]} 34. Nf3 {[%emt 0:00:37]} Kd6 {[%emt 0:01:01]} 35. Ke1 {[%emt 0:00:23]} Ne7 {[%emt 0:01:34]} 36. Kd2 {[%emt 0:01:38]} Kd5 {[%emt 0:00:41]} 37. Re3 {[%emt 0:02:24]} Nc6 {[%emt 0:02:05]} 38. Rc3 {[%emt 0:00:58]} g5 {[%emt 0:00:36]} 39. Ke3 {[%emt 0:03:14]} Re8 {[%emt 0:00:26]} 40. h3 {[%emt 0:00:00]} h5 {[%emt 0:00:29]} 41. Rb3 {[%emt 0:05:10]} Rb8 {[%emt 0:08:22]} 42. Rb5+ {[%emt 0:03:32]} Kd6 {[%emt 0:01:49]} 43. Nd2 {[%emt 0:03:05]} Ne7 {[%emt 0:02:00]} 44. a4 {[%emt 0:07:31]} Kc6 {[%emt 0:01:47]} 45. Ne4 {[%emt 0:02:31]} Nd5+ {[%emt 0:00:53]} 46. Kd3 {[%emt 0:01:39]} Ra8 {[%emt 0:02:57]} 47. Nc3 {[%emt 0:02:49]} Nxc3 {[%emt 0:02:03]} 48. bxc3 {[%emt 0:00:10]} Rxa4 {[%emt 0:00:09]} 49. Rb2 {[%emt 0:00:40]} b5 {[%emt 0:03:54]} 50. Ke4 {[%emt 0:04:30]} Ra1 {[%emt 0:02:48]} 51. Kf3 {[%emt 0:02:02]} Ra3 {[%emt 0:00:33]} 52. Rc2 {[%emt 0:00:35]} b4 {[%emt 0:01:16]} 53. Ke4 {[%emt 0:00:17]} Rxc3 {[%emt 0:02:23]} 54. Rxc3+ {[%emt 0:01:16]} bxc3 {[%emt 0:00:06]} 55. Kd3 {[%emt 0:00:04]} Kd5 {[%emt 0:00:22]} 56. f3 {[%emt 0:00:13]} c2 {[%emt 0:00:28]} 57. Kxc2 {[%emt 0:00:06]} Kxd4 {[%emt 0:00:07]} 58. Kd2 {[%emt 0:00:44]} d5 {[%emt 0:00:54]} 59. h4 {[%emt 0:01:20]} gxh4 {[%emt 0:00:22]} 60. gxh4 {[%emt 0:00:05]} e5 {[%emt 0:00:11]} 0-1

[Event "EYCC 2017"]
[Site "Mamaia"]
[Date "2017.09.06"]
[Round "2"]
[White "Guillo Longares, Cecilia"]
[Black "Krasteva, Beloslava"]
[Result "0-1"]
[WhiteElo "1810"]
[BlackElo "2048"]
[Annotator "NA"]
[PlyCount "68"]
[EventDate "2017.??.??"]
[EventType "swiss"]
[EventCountry "ROU"]
[SourceTitle "playchess.com"]
[Source "ChessBase"]
[SourceQuality "1"]
[TimeControl "40/5400+30:1800+30"]

1. d4 {[%emt 0:00:00]} d5 {[%emt 0:00:12]} 2. c4 {[%emt 0:00:00]} e6 {[%emt 0:00:13]} 3. Nc3 {[%emt 0:00:00]} Be7 {[%emt 0:00:26]} 4. Nf3 {[%emt 0:00:54]} Nf6 {[%emt 0:00:23]} 5. cxd5 {[%emt 0:00:09]} exd5 {[%emt 0:00:17]} 6. Bg5 {[%emt 0:00:16]} c6 {[%emt 0:00:35]} 7. Qc2 {[%emt 0:00:23]} g6 {[%emt 0:00:41]} 8. e3 {[%emt 0:08:17]} Bf5 {[%emt 0:00:50]} 9. Bd3 {[%emt 0:00:04]} Bxd3 {[%emt 0:00:27]} 10. Qxd3 {[%emt 0:00:04]} Nbd7 {[%emt 0:00:30]} 11. Bh6 {[%emt 0:03:17]} Ng4 {[%emt 0:01:27]} 12. Bg7 {[%emt 0:00:55]} Rg8 {[%emt 0:01:07]} 13. Be5 {[%emt 0:00:04]} Ngxe5 {[%emt 0:02:29]} 14. Nxe5 {[%emt 0:00:07]} Nxe5 {[%emt 0:07:09]} 15. dxe5 {[%emt 0:00:07]} f6 {[%emt 0:01:36]} 16. exf6 {[%emt 0:01:27]} Bxf6 {[%emt 0:00:07]} 17. O-O {[%emt 0:01:52]} Kf7 {[%emt 0:04:24]} 18. Ne2 {[%emt 0:02:23]} Re8 {[%emt 0:03:57]} 19. Qb3 {[%emt 0:02:12]} Qd7 {[%emt 0:05:10]} 20. Rfd1 {[%emt 0:04:06]} Kg7 {[%emt 0:02:12]} 21. Nf4 {[%emt 0:02:52]} Re7 {[%emt 0:04:29]} 22. Nd3 {[%emt 0:04:17]} Qf5 {[%emt 0:02:13]} 23. Nc5 {[%emt 0:03:18]} b6 {[%emt 0:10:22]} 24. Na6 {[%emt 0:04:25]} d4 {[%emt 0:04:26]} 25. exd4 {[%emt 0:14:30]} Re2 {[%emt 0:00:46]} 26. Qg3 {[%emt 0:01:28]} Rae8 {[%emt 0:06:34]} 27. Kf1 {[%emt 0:06:43]} Qb5 {[%emt 0:05:24]} 28. Kg1 {[%emt 0:05:23]} Qxa6 {[%emt 0:01:27]} 29. Qc7+ {[%emt 0:00:56]} R8e7 {[%emt 0:00:40]} 30. Qxc6 {[%emt 0:01:47]} Bxd4 {[%emt 0:01:12]} 31. Rf1 {[%emt 0:00:43]} Bxf2+ {[%emt 0:01:18]} 32. Kh1 {[%emt 0:00:02]} Qd3 {[%emt 0:03:14]} 33. Rad1 {[%emt 0:01:17]} Qxd1 {[%emt 0:01:46]} 34. Qc3+ {[%emt 0:00:06]} Qd4 {[%emt 0:00:13]} 0-1